banner koha

Racao animal a partir de residuos de frutos fermentados. Parte 2: Tomate (Solanum lycopersicum L.), mamao (Carica papaya L.)e goiaba (Psidium guajava L.) (Registro n. 122113)

MARC details
000 -LÍDER
campo de controle de tamanho fixo 01167nas a2200325 4500
001 - NÚMERO DE CONTROLE
campo de controle BR8708688
003 - IDENTIFICADOR DO NÚMERO DE CONTROLE
campo de controle BR-BrBNA
005 - DATA E HORÁRIO DA ÚLTIMA TRANSAÇÃO
campo de controle 20231205091009.0
007 - CAMPO FIXO DE DESCRIÇÃO FÍSICA--INFORMAÇÃO GERAL
campo de controle de tamanho fixo ta
008 - CAMPO DE DADOS FIXOS--INFORMAÇÃO GERAL
campo de controle de tamanho fixo 230509b bl.|||p| |||| 00| 00por d
040 ## - FONTE DA CATALOGAÇÃO
Instituição da catalogação original BR-BrBNA
Idioma da catalogação por
Instituição que transcreveu o registro Biblioteca Nacional de Agricultura
041 ## - CÓDIGO DE IDIOMA
Código do idioma do texto/trilha sonora ou título diferente (Pt)
072 ## - CÓDIGO DE CATEGORIA DE ASSUNTO
Código de Categoria de Assunto Q52
100 1# - ENTRADA PRINCIPAL--NOME PESSOAL
Nome pessoal Stamford, T.L.M.
100 1# - ENTRADA PRINCIPAL--NOME PESSOAL
Nome pessoal Guerra, N.B.
100 1# - ENTRADA PRINCIPAL--NOME PESSOAL
Nome pessoal Medeiros, R.B. de
100 1# - ENTRADA PRINCIPAL--NOME PESSOAL
Nome pessoal Alves, L.G.A.
100 1# - ENTRADA PRINCIPAL--NOME PESSOAL
Nome pessoal Tavares, M.O.C.
245 1# - TÍTULO
Título Racao animal a partir de residuos de frutos fermentados. Parte 2: Tomate (Solanum lycopersicum L.), mamao (Carica papaya L.)e goiaba (Psidium guajava L.)
246 1# - FORMA VARIANTE DO TÍTULO
Título/título abreviado Animal feed from fermented fruit residues, Part 2: Tomato (Solanum lycopersicum L.), papaya (Carica papaya L.)and guava (Psidium guajava L.)
650 ## - ASSUNTO--TERMO TÓPICO
Cabeçalho tópico ou nome geográfico RACAO
650 ## - ASSUNTO--TERMO TÓPICO
Cabeçalho tópico ou nome geográfico RESIDUO
650 ## - ASSUNTO--TERMO TÓPICO
Cabeçalho tópico ou nome geográfico TOMATE
650 ## - ASSUNTO--TERMO TÓPICO
Cabeçalho tópico ou nome geográfico MAMAO
650 ## - ASSUNTO--TERMO TÓPICO
Cabeçalho tópico ou nome geográfico GOIABA
650 ## - ASSUNTO--TERMO TÓPICO
Cabeçalho tópico ou nome geográfico PROTEINA MICROBIANA
773 0# - ENTRADA ANALÍTICA
Título Boletim da Sociedade Brasileira de Ciencia e Tecnologia de Alimentos (Brazil)
ISSN - International Standard Serial Number ISSN 0101-3637
Partes relacionadas (Jul 1986), v. 20(3-4) p. 93-101
Número de controle do registro BR8708688
909 ## -
-- 202311
-- Lúcia
-- 55
-- Lúcia Elande
942 ## - ELEMENTOS DE ENTRADA ADICIONADOS (KOHA)
Fonte da classificação ou esquema de arquivamento na estante Classificação AGRIS
Ocultar no OPAC Não
Tipo de material Koha Analítica
Exemplares
Situação do descarte Fonte da classificação ou esquema de arquivamento na estante Situação física Não pode ser emprestado Biblioteca de origem Biblioteca atual Localização na estante Enumeração do periódico / cronologia Total de empréstimos Data de último acesso Número do exemplar Tipo de material Koha Fonte de aquisição
  Classificação AGRIS   Consulta local Biblioteca Nacional de Agricultura - Binagri Biblioteca Nacional de Agricultura - Binagri   (Jul 1986), v. 20(3-4) p. 93-101   29/11/2023 01 Periódicos Portaria Interministerial nº 164/94

BINAGRI

Telefone: (61)3218-2567/2388/3357/2097 - binagri@agro.gov.br

Ministério da Agricultura e Pecuária , Esplanada dos Ministérios, Bloco D, Anexo B, Brasília/DF, CEP: 70.043-900